000 00499nam a2200181Ia 4500
001 21002
005 20260306172847.0
008 260306t2013||||xx |||||||||||||| ||spa||
041 _aESP
082 _a343.83
_bZ913
100 _aZagal Pastor, Roberto
_eAUT
245 0 _aDerecho aduanero:
_boperativa de comercio exterior y principales instituciones jurídicas aduaneras
260 _c2013
300 _a282 páginas :
_c24 cm.
650 _aGEN
654 _aCCO
942 _cLIB
_dJUS
_fJUS
_2ddc
_n
999 _c21002
_d21002